000
00337 a2200133 4500
000
nam a22 7a 4500
100
_a
Sharma, Satyapal
110
_a
Sharma, Satyapal
245
_a
Research Methodology in Geography
250
_a
Latest edition
260
_b
ABD Publishers
_c
2023
264
_b
ABD Publishers
_c
2023
942
_c
BK
999
_c
396813
_d
396813